[Event "GER-chA U25"]
[Site "Oberhof"]
[Date "2011.06.15"]
[Round "6"]
[White "Wissel, Florian"]
[Black "Tarakanova, Valeria"]
[Result "1/2-1/2"]
[WhiteElo "1676"]
[BlackElo "1740"]
[PlyCount "90"]
[EventDate "2011.06.11"]
[EventType "swiss"]
[EventRounds "9"]
[EventCountry "GER"]
[SourceTitle "CBM 142 Extra"]
[Source "ChessBase"]
[SourceDate "2011.06.27"]
[SourceVersion "1"]
[SourceVersionDate "2011.06.27"]
[SourceQuality "1"]

1. d4 Nf6 2. Nf3 e6 3. c4 Bb4+ 4. Nc3 b6 5. Bg5 Bb7 6. e3 0-0 7. Bd3 c5 8. 0-0 Bxc3 9. bxc3 Nc6 10. e4 Ne7 11. d5 h6 12. Bxf6 gxf6 13. Qd2 Kh7 14. e5+ f5 15. d6 Ng6 16. Qe3 Rg8 17. Rfe1 Bxf3 18. Qxf3 Nh4 19. Qh3 Nxg2 20. Kf1 Nxe1 21. Rxe1 Qg5 22. Ke2 Qg4+ 23. Qxg4 Rxg4 24. Ke3 Rh4 25. Rh1 Rg8 26. h3 Rg5 27. f3 Rg2 28. Be2 Rxe2+ 29. Kxe2 Rxc4 30. Kd3 Ra4 31. Rh2 b5 32. Rb2 a6 33. Ke3 Ra3 34. Kd2 Kg6 35. Kd3 b4 36. Rc2 Rxc3+ 37. Rxc3 bxc3 38. Kxc3 Kg5 39. Kc4 Kf4 40. Kxc5 Kxe5 41. h4 f4 42. h5 f6 43. Kb6 Kxd6 44. Kxa6 Kc6 45. Ka7 d5 1/2-1/2

[Event "Main Vogelsberg op 4th"]
[Site "Heusenstamm"]
[Date "2009.05.02"]
[Round "4"]
[White "Wissel, Florian"]
[Black "Wilhelm, Matthias"]
[Result "1-0"]
[WhiteElo "1460"]
[BlackElo "908"]
[PlyCount "111"]
[EventDate "2009.04.30"]
[EventType "swiss"]
[EventRounds "7"]
[EventCountry "GER"]
[SourceTitle "CBM 130 Extra"]
[Source "ChessBase"]
[SourceDate "2009.07.02"]
[SourceVersion "2"]
[SourceVersionDate "2009.07.15"]
[SourceQuality "1"]

1. d4 d5 2. Nf3 Nf6 3. c4 c6 4. Nc3 Bg4 5. Ne5 e6 6. Bg5 Bb4 7. Bxf6 Qxf6 8. Nxg4 Qe7 9. h3 dxc4 10. e3 b5 11. Be2 0-0 12. 0-0 Rd8 13. Bf3 a6 14. Ne5 Rd6 15. Ne4 Rd8 16. Nc3 Rd6 17. a4 Ra7 18. Qc2 Rc7 19. axb5 cxb5 20. Rfc1 f6 21. Ng4 Rcd7 22. Na2 Ba5 23. b4 cxb3 24. Qxb3 Kh8 25. Rc8+ Rd8 26. Rac1 e5 27. d5 e4 28. Be2 Qd7 29. Rxd8+ Qxd8 30. Nc3 h5 31. Nh2 Bxc3 32. Qxc3 Kh7 33. Bxh5 Rxd5 34. Ra1 Rxh5 35. Ng4 Rd5 36. Qc2 f5 37. Nh2 Nc6 38. Qxc6 Rd1+ 39. Rxd1 Qxd1+ 40. Nf1 Qa4 41. Qd7 a5 42. Qxf5+ Kg8 43. Ng3 Qa1+ 44. Kh2 b4 45. Qxe4 b3 46. Qc4+ Kh8 47. Qxb3 a4 48. Qc2 a3 49. Ne2 Kg8 50. Nc3 Kf7 51. Nb1 a2 52. Nc3 Qh1+ 53. Kxh1 a1Q+ 54. Kh2 Qa7 55. Qa2+ Qxa2 56. Nxa2 1-0